000 00794nam a22002297a 4500
005 20130913143243.0
010 _aENG-108159
020 _a9780521719148
_c595.00
035 _aEN-91692
037 _bDBAD/PUB
082 _a808.027
100 _aButcher, Judith
245 1 0 _aButcher's copy-editing :
_cby Judith Butcher, Caroline Drake [and] Maureen Leach
_bThe cambridge handbook for editors, copy-editors and proofreaders /
250 _a4th rev ed
260 _aNew Delhi
_bCambridge University Press
_c2006
270 _a4381/4, Ansari Road, Daryaganj
_bNew Delhi
_e110002
300 _axiv,543p.
_c22cm(pbk)
500 _aIncludes bibliographical references and index
700 _aDrake, Caroline
700 _aLeach, Maureen
942 _2ddc
_cEN
_mBUT
_h808.027
999 _c78091
_d78091